000 00943cam a2200241 4500
001 J1904
008 090401t1993 xxu||||| |||| 00| 0 eng d
035 _a(Sirsi) u46137
041 _aeng
050 _a333.33
110 _aBarber White Property Economics
_91805
245 _aProperty cycles: patterns of behaviour in UK property markets.
260 _aLondon
_bBarber White Property Economics
_c1993
300 _a71,(11)p. ; 21cm.
350 _a175
520 _aThe objectives of the report are to identify the cyclical pattern of property markets, provide a means of assessing the current positioning of property markets within their respective cycles and to give guidance on the potential series of events which are likely to characterise future cycles.
650 _aECONOMIC CYCLES
650 _aPROPERTY CYCLES
650 _aPROPERTY MARKETS
690 _aPROPERTY LAW AND PRACTICE
942 _n0
948 _c04/03/1997
999 _c91873
_d91873